Current perspectives in primate social dynamics / (Record no. 2449)

000 -LEADER
fixed length control field nam a22 7a 4500
005 - DATE AND TIME OF LATEST TRANSACTION
control field 20170516125229.0
008 - FIXED-LENGTH DATA ELEMENTS--GENERAL INFORMATION
fixed length control field 170516b1986 ny ||||| |||| 00| 0 eng d
020 ## - INTERNATIONAL STANDARD BOOK NUMBER
International Standard Book Number 0442282893
040 ## - CATALOGING SOURCE
Original cataloging agency AKMAL
082 ## - DEWEY DECIMAL CLASSIFICATION NUMBER
Classification number 599.8524 TAU
090 ## - LOCALLY ASSIGNED LC-TYPE CALL NUMBER (OCLC); LOCAL CALL NUMBER (RLIN)
Classification number (OCLC) (R) ; Classification number, CALL (RLIN) (NR) 599.8524
Local cutter number (OCLC) ; Book number/undivided call number, CALL (RLIN) TAU
245 00 - TITLE STATEMENT
Title Current perspectives in primate social dynamics /
Statement of responsibility, etc. edited by David M. Taub and Frederick A. King.
260 ## - PUBLICATION, DISTRIBUTION, ETC.
Place of publication, distribution, etc. New York :
Name of publisher, distributor, etc. Van Nostrand Reinhold,
Date of publication, distribution, etc. c1986
300 ## - PHYSICAL DESCRIPTION
Extent xx, 531 p. :
Other physical details ill. ;
Dimensions 24 cm
500 ## - GENERAL NOTE
General note Selected papers from the IXth Congress of the International Primatological Society, held Aug. 8-13, 1982, in Atlanta, Ga.
504 ## - BIBLIOGRAPHY, ETC. NOTE
Bibliography, etc. note Includes bibliographies and index.
650 #0 - SUBJECT ADDED ENTRY--TOPICAL TERM
Topical term or geographic name entry element Primates
General subdivision Behavior
-- Congresses
9 (RLIN) 5065
650 #0 - SUBJECT ADDED ENTRY--TOPICAL TERM
Topical term or geographic name entry element Social behavior in animals
General subdivision Congresses
9 (RLIN) 5066
700 1# - ADDED ENTRY--PERSONAL NAME
Personal name Taub, David Milton
9 (RLIN) 5067
700 1# - ADDED ENTRY--PERSONAL NAME
Personal name King, Frederick A.
9 (RLIN) 5068
710 2# - ADDED ENTRY--CORPORATE NAME
Corporate name or jurisdiction name as entry element International Primatological Society.
Subordinate unit Congress
Location of meeting Atlanta, Ga.)
Date of meeting or treaty signing 1982 :
9 (RLIN) 5069
942 ## - ADDED ENTRY ELEMENTS (KOHA)
Source of classification or shelving scheme
Koha item type Book
Holdings
Withdrawn status Lost status Source of classification or shelving scheme Damaged status Not for loan Collection code Home library Current library Shelving location Date acquired Inventory number Total Checkouts Full call number Barcode Date last seen Price effective from Koha item type
          NON-FICTION AKMAL Melaka AKMAL Melaka PINJAMAN 16.05.2017 500275   599.8524 TAU 201706773 16.05.2017 16.05.2017 Book
Pusat Sumber Maklumat Dato' Haji Sarmin Md Hussin, Akademi Kastam Diraja Malaysia, Melaka
Tel: 06-2331106 | Faks: 06-2313787